000 00350 a2200157 4500
001 56949
020 _a9788535707854
040 _cAnchieta - Pituba
100 _aNicolelis, Giselda Laporta
240 1 0 _aO blog da família
_lpor
245 1 0 _aO blog da família
300 _a136
362 0 _a2007
650 4 _aLiteratura juvenil
942 _cBK
999 _c56949
_d56949